000 00641nam a22001937a 4500
999 _c20626
_d20626
003 AR-CdUCM
008 190531b ||||| |||| 00| 0 spa d
040 _aMUNICIPALIDAD PROVINCIAL DEL CUSCO
_cBIBLIOTECA MUNICIPAL DEL CUSCO
082 _a917.3 /
_bG345
245 _aEUA su geografía y crecimiento /
260 _aLa habana :
_bEl editorial,
300 _a121 páginas ;
_bFotografías,
_c21 cm.
505 _aContenido: Visión panorámica -- El nordeste -- La cuenca central...
650 _aEstados unidos
_929155
650 _aGeografía
_9318
650 _aTopografía
_919239
942 _2ddc
_cLIBROS
945 _adavv
_d2019-05-31